000 00672nam a2200265Ia 4500
001 8479
005 20240113234113.0
007 ta
008 050719s1979 a g b000 u eng u
020 _cHB
040 _aCotton College Assam
041 _aeng
082 _a954
_bMu 927 St
100 _aMunshi, K.M. .
245 0 _aThe Struggle for Empire /
_cK.M.Munshi.
_hTextual Documents
250 _a3rd ed /
260 _aBombay :
_bBharatiya Vidya Bhavan ,
_c1979.
300 _alix,940p. :
_bill ;
_c24cm. .
362 _aVol.V-
504 _aIndex
653 _aHistory-Indian People
942 _2ddc
_cBK
999 _c8466
_d8466